El síndrome de Down: estimulación y actividad motora

-д хадгалсан:
Номзүйн дэлгэрэнгүй
Үндсэн зохиолчид: Burns, Yvonne (Зохиогч), Gunn, Pat (Зохиогч)
Формат: Ном
Хэл сонгох:испани
Хэвлэсэн: Barcelona Herder 1995
Цуврал:Colección Resortes, 4
Нөхцлүүд:
Шошгууд: Шошго нэмэх
Шошго байхгүй, Энэхүү баримтыг шошголох эхний хүн болох!

MARC

LEADER 00000nam a2200000 a 4500
001 UCT0781
003 CL-VaPUC
008 960906e19950000SP |||||||||||||||||spa|d
082 0 4 |a 371.92  |b BUR  |2 21 
100 0 |a Burns, Yvonne  |e author  |9 369248 
700 0 |a Gunn, Pat  |e author  |9 369249 
245 1 3 |a El síndrome de Down: estimulación y actividad motora 
300 |a 300 p 
942 |c BK 
945 |d 19960906 00:00:00  |a nastorga 
260 |a Barcelona  |b Herder  |c 1995 
650 0 |a Síndrome de Down  |9 309553 
650 0 |a Educación especial  |9 307486 
650 0 |a Aprendizaje   |9 254827 
650 0 |a Desarrollo motor   |9 313002 
650 7 |a HABILIDADES  |2 CL-VaPUC  |9 369250 
650 7 |a INFANCIA  |2 CL-VaPUC  |9 369251 
650 7 |a CRECIMIENTO  |2 CL-VaPUC  |9 369252 
650 7 |a PSICOMOTRICIDAD  |2 CL-VaPUC  |9 241072 
650 0 |a Actividades sensoriomotrices   |9 335908 
650 7 |a PROCESOS MOTORES  |2 CL-VaPUC  |9 340290 
650 7 |a CAPACIDAD  |2 CL-VaPUC  |9 336048 
650 0 |a Inteligencia  |9 267038 
650 7 |a LOGROS  |2 CL-VaPUC  |9 369253 
583 |a last modification  |c 19960906 00:00:00  |k Rodrigo Vera 
490 0 |a Colección Resortes, 4 
999 |c 251487  |d 251485 
952 |0 0  |1 0  |4 0  |6 371_920000000000000_BUR_1995  |7 0  |8 A  |9 270678  |a BIBEDU  |b BIBEDU  |d 2019-11-19  |i 3228088  |l 1  |o 371.92 BUR 1995  |p 3228088  |r 2022-09-22  |s 2022-09-13  |w 2019-11-19  |y BK  |k EPE